Abnormal Psychology / (Record no. 21802)
[ view plain ]
| 000 -LEADER | |
|---|---|
| fixed length control field | 00561nam a2200217 a 4500 |
| 005 - DATE AND TIME OF LATEST TRANSACTION | |
| control field | 20140310183341.0 |
| 008 - FIXED-LENGTH DATA ELEMENTS--GENERAL INFORMATION | |
| fixed length control field | 061128s19uu xx 00 eng d |
| 020 ## - INTERNATIONAL STANDARD BOOK NUMBER | |
| International Standard Book Number | 0-07-125456-0 |
| 050 ## - LIBRARY OF CONGRESS CALL NUMBER | |
| Classification number | RC 454 |
| Item number | .H693 2006 |
| 100 ## - MAIN ENTRY--PERSONAL NAME | |
| Personal name | Hoeksema, Susan N. |
| 245 ## - TITLE STATEMENT | |
| Title | Abnormal Psychology / |
| Remainder of title | Susan N. Hoeksema. |
| 250 ## - EDITION STATEMENT | |
| Edition statement | 3rd ed. |
| 260 ## - PUBLICATION, DISTRIBUTION, ETC. (IMPRINT) | |
| Place of publication, distribution, etc | Boston : |
| Name of publisher, distributor, etc | Mc-Graw Hill, |
| Date of publication, distribution, etc | 2006. |
| 300 ## - PHYSICAL DESCRIPTION | |
| Extent | Sl-16 : |
| Other physical details | ill .; |
| Dimensions | 26 cm. |
| 521 ## - TARGET AUDIENCE NOTE | |
| Target audience note | |
| 650 ## - SUBJECT ADDED ENTRY--TOPICAL TERM | |
| Topical term or geographic name as entry element | Abnormal Psychology. |
| 942 ## - ADDED ENTRY ELEMENTS (KOHA) | |
| Koha item type | Books |
| Source of classification or shelving scheme | Library of Congress Classification |
| Call number prefix | Foreign |
| Withdrawn status | Lost status | Source of classification or shelving scheme | Damaged status | Home library | Current library | Shelving location | Date acquired | Total Checkouts | Full call number | Barcode | Date last seen | Date checked out | Copy number | Price effective from | Koha item type | Total Renewals |
|---|---|---|---|---|---|---|---|---|---|---|---|---|---|---|---|---|
| Library of Congress Classification | College Library | College Library | General Circulation Section | 06/28/2007 | 1 | RC 454 .H693 2006 | C8466 | 02/27/2019 | 02/19/2019 | 1 | 03/10/2014 | Books | ||||
| Library of Congress Classification | College Library | College Library | General Circulation Section | 12/11/2013 | 2 | RC 454 .H693 2006 | C7951 | 03/01/2019 | 02/28/2019 | 2 | 12/11/2013 | Books | ||||
| Library of Congress Classification | College Library | College Library | General Circulation Section | 12/11/2013 | 2 | RC 454 .H693 2006 | C8074 | 02/15/2020 | 02/05/2020 | 3 | 12/11/2013 | Books | 3 |